000 01001cam a2200289 a 4500
999 _c127481
_d127481
001 4230974
003 ARRUPE
005 20180124104952.0
008 831129s1978 sz b 001 0 fre
010 _a 82161503
020 _c48.00F
040 _aDLC
_cDLC
_dDLC
_dOCoLC
050 0 0 _aBR50
_b.S61552 1978
082 0 0 _a230
_219
100 1 _aSolovyov, Vladimir Sergeyevich,
_d1853-1900.
_9407
245 1 3 _aLa Sophia et les autres écrits français /
_cVladimir Soloviev ; édités et présentés par François Rouleau.
260 _aLausanne :
_bLa Cité :
_bL'Age d'homme,
_cc1978.
300 _axxii, 367 p. ;
_c23 cm.
490 1 _aSophia
504 _aIncludes bibliographical references and indexes.
650 0 _aTheology.
_938842
700 1 _aRouleau, François,
_d1919-
_938843
740 0 _aSophia.
830 0 _aSophia (Editions L'Age d'homme)
_938844
906 _a7
_bcbc
_corignew
_d4
_encip
_f19
_gy-gencatlg
942 _2lcc
_cMONOGRAPH